[Event "Oberliga Ost-A 2122"]
[Site "Germany"]
[Date "2022.05.01"]
[Round "3.6"]
[White "Rohne, Lars"]
[Black "Luther, Juergen"]
[Result "1/2-1/2"]
[WhiteElo "2111"]
[BlackElo "2115"]
[PlyCount "20"]
[EventDate "2021.10.10"]
[EventType "team-tourn"]
[EventRounds "11"]
[EventCountry "GER"]
[SourceTitle "EXT 2023"]
[Source "ChessBase"]
[SourceDate "2022.10.05"]
[SourceVersion "1"]
[SourceVersionDate "2022.10.05"]
[SourceQuality "1"]
[WhiteTeam "Leipzig VfB"]
[BlackTeam "Halle USV"]
[WhiteTeamCountry "GER"]
[BlackTeamCountry "GER"]

1. e4 e6 2. d4 d5 3. Nd2 Nf6 4. e5 Nfd7 5. Bd3 c5 6. c3 Nc6 7. Ne2 c4 8. Bb1 b5 9. 0-0 Nb6 10. Qe1 Bd7 1/2-1/2

[Event "Oberliga Ost-A 2122"]
[Site "Germany"]
[Date "2022.04.02"]
[Round "10.6"]
[White "Luther, Juergen"]
[Black "Kalkhof, Stefan"]
[Result "0-1"]
[WhiteElo "2115"]
[BlackElo "2197"]
[PlyCount "50"]
[EventDate "2021.10.10"]
[EventType "team-tourn"]
[EventRounds "11"]
[EventCountry "GER"]
[SourceTitle "EXT 2023"]
[Source "ChessBase"]
[SourceDate "2022.10.05"]
[SourceVersion "1"]
[SourceVersionDate "2022.10.05"]
[SourceQuality "1"]
[WhiteTeam "Halle USV"]
[BlackTeam "Leipzig SG"]
[WhiteTeamCountry "GER"]
[BlackTeamCountry "GER"]

1. d4 d6 2. e4 Nf6 3. Nc3 e5 4. dxe5 dxe5 5. Qxd8+ Kxd8 6. Bg5 Be6 7. 0-0-0+ Nbd7 8. Nf3 Kc8 9. a3 c6 10. h3 Kc7 11. Be3 h6 12. Bd3 Be7 13. Rhe1 b5 14. Nd2 g5 15. Bf1 a5 16. Ncb1 Nc5 17. f3 Nh5 18. b3 Nf4 19. Kb2 h5 20. g4 Rad8 21. Bg1 Rd7 22. Re3 hxg4 23. hxg4 Rh1 24. Bd3 Ncxd3+ 25. cxd3 Bc5 0-1

[Event "Oberliga Ost-A 2122"]
[Site "Germany"]
[Date "2021.10.10"]
[Round "1.5"]
[White "Hillmann, Michael"]
[Black "Luther, Juergen"]
[Result "1/2-1/2"]
[WhiteElo "2105"]
[BlackElo "2115"]
[PlyCount "89"]
[EventDate "2021.10.10"]
[EventType "team-tourn"]
[EventRounds "11"]
[EventCountry "GER"]
[SourceTitle "EXT 2023"]
[Source "ChessBase"]
[SourceDate "2022.10.05"]
[SourceVersion "1"]
[SourceVersionDate "2022.10.05"]
[SourceQuality "1"]
[WhiteTeam "Sangerhausen"]
[BlackTeam "Halle USV"]
[WhiteTeamCountry "GER"]
[BlackTeamCountry "GER"]

1. d4 f5 2. c4 Nf6 3. Nc3 e6 4. e3 Bb4 5. Bd2 0-0 6. Bd3 Bxc3 7. Bxc3 Ne4 8. Ne2 Nxc3 9. Nxc3 Nc6 10. f4 d6 11. Qe2 e5 12. d5 Nb4 13. 0-0 Nxd3 14. Qxd3 e4 15. Qd2 Bd7 16. g4 Qe7 17. g5 a6 18. Ne2 Rfd8 19. Rfd1 Qf7 20. Rac1 c5 21. dxc6 Bxc6 22. Nd4 Rac8 23. Qa5 Rf8 24. b3 g6 25. a4 Qe7 26. Rd2 Rfd8 27. h4 Be8 28. Qb4 Rc5 29. Rcd1 a5 30. Qa3 b6 31. Ne2 Bf7 32. Nc3 Qf8 33. Nd5 Bxd5 34. Rxd5 Rxd5 35. Rxd5 Qg7 36. Qc1 Kf8 37. Rb5 Rb8 38. Qd2 Qa1+ 39. Kg2 Ke7 40. h5 Qg7 41. h6 Qa1 42. Kf2 Ke6 43. Rd5 Rd8 44. Rb5 Rb8 45. Rd5 1/2-1/2

[Event "Oberliga Ost-A 1920"]
[Site "Germany"]
[Date "2020.02.29"]
[Round "8.7"]
[White "Hoffmann, Hendrik"]
[Black "Luther, Juergen"]
[Result "1-0"]
[WhiteElo "2238"]
[BlackElo "2130"]
[PlyCount "59"]
[EventDate "2019.09.29"]
[EventType "team-tourn"]
[EventRounds "11"]
[EventCountry "GER"]
[SourceTitle "EXT 2023"]
[Source "ChessBase"]
[SourceDate "2022.10.05"]
[SourceVersion "1"]
[SourceVersionDate "2022.10.05"]
[SourceQuality "1"]
[WhiteTeam "Leipzig SG"]
[BlackTeam "Halle USV"]
[WhiteTeamCountry "GER"]
[BlackTeamCountry "GER"]

1. e4 e6 2. d4 d5 3. Nd2 Nf6 4. e5 Nfd7 5. Bd3 c5 6. c3 Nc6 7. Ne2 Be7 8. f4 Qb6 9. Nf3 cxd4 10. cxd4 f6 11. a3 a5 12. Qc2 Nf8 13. 0-0 f5 14. Kh1 Bd7 15. Be3 Rc8 16. Nc3 Na7 17. Qe2 Ng6 18. g4 fxg4 19. Ng5 Bxg5 20. fxg5 Ne7 21. Kg1 g6 22. Rf6 Ng8 23. Nxd5 Qb3 24. Qf2 Ne7 25. Nxe7 Kxe7 26. d5 Qxd5 27. Rf7+ Ke8 28. Qf6 Nc6 29. Qxh8+ Kxf7 30. Rf1+ 1-0

[Event "Oberliga Ost-A 1920"]
[Site "Germany"]
[Date "2019.11.17"]
[Round "3.6"]
[White "Hoerr, Matthias"]
[Black "Luther, Juergen"]
[Result "1-0"]
[WhiteElo "2159"]
[BlackElo "2130"]
[PlyCount "71"]
[EventDate "2019.09.29"]
[EventType "team-tourn"]
[EventRounds "11"]
[EventCountry "GER"]
[SourceTitle "EXT 2021"]
[Source "ChessBase"]
[SourceDate "2020.10.23"]
[SourceVersion "1"]
[SourceVersionDate "2020.10.23"]
[SourceQuality "1"]
[WhiteTeam "Plauen Koenig"]
[BlackTeam "Halle USV"]
[WhiteTeamCountry "GER"]
[BlackTeamCountry "GER"]

1. e4 e6 2. d4 d5 3. Nd2 Nf6 4. e5 Nfd7 5. c3 c5 6. Bd3 Nc6 7. Ne2 a5 8. 0-0 cxd4 9. cxd4 Qb6 10. Nf3 Be7 11. b3 f5 12. exf6 Nxf6 13. Nc3 0-0 14. Re1 Bb4 15. Bb2 Bd7 16. Rc1 Rae8 17. a3 Bd6 18. Na4 Qd8 19. Ne5 Nb8 20. Nc5 Bc8 21. Bb1 b6 22. Ncd3 Bb7 23. Re3 Re7 24. Rh3 Qe8 25. Nf4 g5 26. Nh5 Nbd7 27. Nxf6+ Nxf6 28. Rcc3 Bxe5 29. dxe5 Ne4 30. Bxe4 dxe4 31. Rcg3 Rg7 32. Rh6 Bd5 33. h4 Rf5 34. Rf6 gxh4 35. Rxg7+ Kxg7 36. Rxf5 1-0

[Event "Oberliga Ost-A 1920"]
[Site "Germany"]
[Date "2019.09.29"]
[Round "1.7"]
[White "Luther, Juergen"]
[Black "Buerckner, Georg"]
[Result "1/2-1/2"]
[WhiteElo "2130"]
[BlackElo "2029"]
[PlyCount "59"]
[EventDate "2019.09.29"]
[EventType "team-tourn"]
[EventRounds "11"]
[EventCountry "GER"]
[SourceTitle "EXT 2021"]
[Source "ChessBase"]
[SourceDate "2020.10.23"]
[SourceVersion "1"]
[SourceVersionDate "2020.10.23"]
[SourceQuality "1"]
[WhiteTeam "Halle USV"]
[BlackTeam "Sangerhausen"]
[WhiteTeamCountry "GER"]
[BlackTeamCountry "GER"]

1. d4 d5 2. Nf3 e6 3. c4 Nf6 4. e3 Be7 5. Nc3 0-0 6. Bd3 a6 7. cxd5 exd5 8. h3 Nbd7 9. 0-0 Re8 10. Qc2 Bd6 11. b3 c6 12. Bb2 Nf8 13. Rfe1 Be6 14. Ne5 N6d7 15. f4 f6 16. Nf3 Rc8 17. Rad1 c5 18. Bf5 Bf7 19. Qd2 c4 20. bxc4 Rxc4 21. Bd3 Rc6 22. e4 Bb4 23. a3 Ba5 24. exd5 Rxe1+ 25. Rxe1 Bxd5 26. Be4 Nb6 27. Qd3 Bxe4 28. Rxe4 Bxc3 29. Bxc3 Nd5 30. Bd2 1/2-1/2

[Event "Oberliga Ost-A 1819"]
[Site "Germany"]
[Date "2019.03.24"]
[Round "9.5"]
[White "Roesemann, Rainer"]
[Black "Luther, Juergen"]
[Result "1-0"]
[WhiteElo "2229"]
[BlackElo "2141"]
[PlyCount "113"]
[EventDate "2018.10.21"]
[EventType "team-tourn"]
[EventRounds "11"]
[EventCountry "GER"]
[SourceTitle "EXT 2020"]
[Source "ChessBase"]
[SourceDate "2019.10.17"]
[SourceVersion "1"]
[SourceVersionDate "2019.10.17"]
[SourceQuality "1"]
[WhiteTeam "Leipzig SG"]
[BlackTeam "Halle USV"]
[WhiteTeamCountry "GER"]
[BlackTeamCountry "GER"]

1. d4 e6 2. Bf4 b6 3. e3 Bb7 4. Nf3 f5 5. Nbd2 Nf6 6. Bd3 Be7 7. h3 Ne4 8. Qe2 c5 9. Nc4 d6 10. 0-0-0 0-0 11. Rhg1 d5 12. Nce5 c4 13. Bxe4 fxe4 14. Nd2 c3 15. bxc3 Ba3+ 16. Kb1 Nd7 17. Ka1 Nf6 18. Rb1 Qc8 19. Rb3 Ba6 20. Qe1 Be7 21. f3 b5 22. Bg5 b4 23. cxb4 Qxc2 24. Rb2 Qc3 25. Nb1 Qc7 26. Qc3 Bc4 27. Nxc4 dxc4 28. Bxf6 Rxf6 29. f4 a5 30. Rc1 axb4 31. Qxc4 Qxc4 32. Rxc4 g5 33. g3 Rh6 34. Rc7 Bf8 35. h4 gxh4 36. gxh4 Rxh4 37. Rg2+ Kh8 38. Nd2 b3 39. a4 Rxa4+ 40. Kb2 Ra8 41. Kxb3 Rh3 42. Nc4 Rh1 43. Ne5 Rb1+ 44. Kc2 Ra2+ 45. Kxb1 Rxg2 46. Nf7+ Kg8 47. Ng5 Bb4 48. Nxe4 Re2 49. Nf6+ Kf8 50. Nxh7+ Ke8 51. e4 Kd8 52. Rb7 Be7 53. Ng5 Bxg5 54. fxg5 Ke8 55. g6 Kf8 56. g7+ Kg8 57. e5 1-0

[Event "Oberliga Ost-A 1819"]
[Site "Germany"]
[Date "2019.03.23"]
[Round "8.6"]
[White "Dietze, Frank Heinz"]
[Black "Luther, Juergen"]
[Result "1/2-1/2"]
[WhiteElo "2105"]
[BlackElo "2141"]
[PlyCount "59"]
[EventDate "2018.10.21"]
[EventType "team-tourn"]
[EventRounds "11"]
[EventCountry "GER"]
[SourceTitle "EXT 2020"]
[Source "ChessBase"]
[SourceDate "2019.10.17"]
[SourceVersion "1"]
[SourceVersionDate "2019.10.17"]
[SourceQuality "1"]
[WhiteTeam "Leipzig SG II"]
[BlackTeam "Halle USV"]
[WhiteTeamCountry "GER"]
[BlackTeamCountry "GER"]

1. d4 e6 2. c4 f5 3. g3 Nf6 4. Nf3 Be7 5. Bg2 0-0 6. 0-0 d5 7. b3 c6 8. Ba3 Bd7 9. Qc2 Bxa3 10. Nxa3 Be8 11. cxd5 cxd5 12. Rfc1 Nc6 13. e3 a6 14. Qb2 Qe7 15. Nc2 Ne4 16. Nce1 Bh5 17. Nd3 Rac8 18. Rc2 Rc7 19. Rac1 Rfc8 20. Nfe5 Be8 21. f3 Nf6 22. Nxc6 Rxc6 23. Ne5 Rxc2 24. Rxc2 Rxc2 25. Qxc2 Qd8 26. Qc5 h6 27. Bf1 Kh7 28. Kf2 Ng8 29. Bd3 Qe7 30. Qa5 1/2-1/2

[Event "Oberliga Ost-A 1718"]
[Site "Germany"]
[Date "2017.11.11"]
[Round "2.6"]
[White "Schmalhofer, Adam"]
[Black "Luther, Juergen"]
[Result "0-1"]
[WhiteElo "2058"]
[BlackElo "2157"]
[PlyCount "66"]
[EventDate "2017.10.22"]
[EventType "team-tourn"]
[EventRounds "11"]
[EventCountry "GER"]
[SourceTitle "EXT 2019"]
[Source "ChessBase"]
[SourceDate "2018.10.10"]
[SourceVersion "1"]
[SourceVersionDate "2018.10.10"]
[SourceQuality "1"]
[WhiteTeam "Dresden USV TU II"]
[BlackTeam "Halle USV"]
[WhiteTeamCountry "GER"]
[BlackTeamCountry "GER"]

1. d4 e6 2. e4 d5 3. exd5 exd5 4. Bd3 Nf6 5. Ne2 Nc6 6. c3 Bd6 7. Bg5 h6 8. Bh4 Be6 9. Nd2 Qe7 10. b4 a5 11. b5 Nb8 12. h3 g5 13. Bg3 Bxg3 14. fxg3 Nbd7 15. 0-0 Bxh3 16. Nf4 gxf4 17. Re1 Be6 18. gxf4 Qd6 19. f5 0-0-0 20. fxe6 fxe6 21. Qf3 Rdf8 22. Qh3 Re8 23. Nf3 Kb8 24. Ne5 Nxe5 25. Rxe5 Nd7 26. Rh5 e5 27. Bf5 Nb6 28. Qh2 Qa3 29. Rh3 exd4 30. cxd4 Qb2 31. Rb1 Qxd4+ 32. Kh1 Ref8 33. Rh4 Qd2 0-1

[Event "Oberliga Ost-A 1617"]
[Site "Germany"]
[Date "2017.01.15"]
[Round "5.4"]
[White "Fritsch, Andreas"]
[Black "Luther, Juergen"]
[Result "1/2-1/2"]
[WhiteElo "2066"]
[BlackElo "2156"]
[PlyCount "22"]
[EventDate "2016.10.16"]
[EventType "team-tourn"]
[EventRounds "11"]
[EventCountry "GER"]
[SourceTitle "EXT 2018"]
[Source "ChessBase"]
[SourceDate "2017.10.13"]
[SourceVersion "1"]
[SourceVersionDate "2017.10.13"]
[SourceQuality "1"]
[WhiteTeam "Naumburg"]
[BlackTeam "Halle USV"]
[WhiteTeamCountry "GER"]
[BlackTeamCountry "GER"]

1. Nc3 e6 2. d4 d5 3. Bf4 f5 4. Nb5 Na6 5. a3 c6 6. Nc3 Bd6 7. e3 Nc7 8. Nf3 Nf6 9. Bd3 0-0 10. Ne2 Nce8 11. c4 Bd7 1/2-1/2

[Event "Oberliga Ost-A 1415"]
[Site "Germany"]
[Date "2015.03.15"]
[Round "9.4"]
[White "Schnabel, Ralf"]
[Black "Luther, Juergen"]
[Result "0-1"]
[WhiteElo "2205"]
[BlackElo "2162"]
[PlyCount "92"]
[EventDate "2014.09.21"]
[EventType "team-tourn"]
[EventRounds "11"]
[EventCountry "GER"]
[SourceTitle "EXT 2016"]
[Source "ChessBase"]
[SourceDate "2015.10.08"]
[SourceVersion "1"]
[SourceVersionDate "2015.10.08"]
[SourceQuality "1"]
[WhiteTeam "Aue Nickelhuette II"]
[BlackTeam "Halle Volksbank"]
[WhiteTeamCountry "GER"]
[BlackTeamCountry "GER"]

1. e4 e6 2. d4 d5 3. Nd2 Nf6 4. e5 Nfd7 5. Bd3 c5 6. c3 Nc6 7. Ne2 c4 8. Bc2 b5 9. 0-0 Qb6 10. Nf4 g6 11. Nf3 Be7 12. Ne2 Bb7 13. Bh6 0-0-0 14. Ng5 Bxg5 15. Bxg5 Rde8 16. Qd2 f6 17. exf6 Rhf8 18. f4 Nxf6 19. Kh1 Ne7 20. Ng3 Nf5 21. Bxf6 Nxg3+ 22. hxg3 Rxf6 23. Rae1 Kb8 24. Re5 Bc8 25. Rfe1 Rg8 26. g4 Rgf8 27. g3 h6 28. g5 hxg5 29. Rxg5 Rg8 30. Kg2 Qc7 31. Rh1 Qf7 32. Qe3 Kb7 33. Qe5 Kc6 34. Rh6 Bd7 35. Rg4 Be8 36. a4 a6 37. Rg5 Bd7 38. Rh1 Re8 39. Ra1 Bc8 40. axb5+ axb5 41. Ra8 Rf5 42. Qb8 Rxg5 43. Ra5 Bb7 44. Qa7 Qxf4 45. Qc5+ Kd7 46. Qxb5+ Ke7 0-1

[Event "Oberliga Ost-B 1314"]
[Site "Germany"]
[Date "2014.01.18"]
[Round "6.4"]
[White "Gerhardt, Frank"]
[Black "Luther, Juergen"]
[Result "1-0"]
[WhiteElo "2147"]
[BlackElo "2165"]
[PlyCount "107"]
[EventDate "2013.10.13"]
[EventType "team-tourn"]
[EventRounds "11"]
[EventCountry "GER"]
[SourceTitle "EXT 2015"]
[Source "ChessBase"]
[SourceDate "2014.11.20"]
[SourceVersion "1"]
[SourceVersionDate "2014.11.20"]
[SourceQuality "1"]
[WhiteTeam "Liebschwitz"]
[BlackTeam "Halle"]
[WhiteTeamCountry "GER"]
[BlackTeamCountry "GER"]

1. e4 e6 2. d4 d5 3. Nd2 Nf6 4. e5 Nfd7 5. c3 c5 6. Bd3 Nc6 7. Ne2 c4 8. Bc2 b5 9. 0-0 Qb6 10. Kh1 Bb7 11. f4 g6 12. Nf3 Be7 13. Be3 a5 14. b3 Ba6 15. bxc4 bxc4 16. Rb1 Qc7 17. Qe1 0-0-0 18. Qc1 Rdf8 19. Qb2 Ndb8 20. Ba4 Qb7 21. Qa1 Qc7 22. Ne1 f6 23. Nc2 Rf7 24. Rb2 Rhf8 25. Rfb1 Nd7 26. Bb5 Bxb5 27. Rxb5 Na7 28. R5b2 Qc6 29. a4 Kc7 30. Na3 Rb8 31. Rxb8 Nxb8 32. Nb5+ Nxb5 33. Rxb5 Qa6 34. exf6 Rxf6 35. Ng1 Bd6 36. g3 Nc6 37. Nf3 Na7 38. Rb2 Nc6 39. Ne5 Rf8 40. Qb1 Bxe5 41. dxe5 Rb8 42. Rb5 Rb7 43. Bc5 Na7 44. Rxb7+ Qxb7 45. Qxb7+ Kxb7 46. Kg2 Nc8 47. Kf3 Nb6 48. Bxb6 Kxb6 49. Ke3 Kc7 50. Kd4 Kd7 51. Kc5 Ke7 52. g4 Kd7 53. f5 g5 54. fxe6+ 1-0

[Event "BL2-Ost 1213"]
[Site "Germany"]
[Date "2013.04.14"]
[Round "9.7"]
[White "Loew, Gerald"]
[Black "Luther, Juergen"]
[Result "1-0"]
[WhiteElo "2258"]
[BlackElo "2147"]
[PlyCount "89"]
[EventDate "2012.10.14"]
[EventType "team-tourn"]
[EventRounds "9"]
[EventCountry "GER"]
[SourceTitle "CBM 154 Extra"]
[Source "ChessBase"]
[SourceDate "2013.06.25"]
[SourceVersion "2"]
[SourceVersionDate "2013.06.25"]
[SourceQuality "1"]
[WhiteTeam "Bindlach"]
[BlackTeam "Halle Volksbank"]
[WhiteTeamCountry "GER"]
[BlackTeamCountry "GER"]

1. c4 e6 2. g3 f5 3. Bg2 Nf6 4. Nf3 Be7 5. 0-0 0-0 6. d3 c6 7. b3 Na6 8. Bb2 d6 9. d4 d5 10. Nbd2 Bd7 11. Ne5 Be8 12. Qc2 Rc8 13. Rac1 Bh5 14. Rfe1 Ne4 15. a3 Bd6 16. Nd3 Qe7 17. b4 Rcd8 18. Nf3 Nb8 19. Nfe5 Nd7 20. f3 Nef6 21. Nf2 Ne8 22. Nxd7 Rxd7 23. e4 f4 24. g4 Bg6 25. Qb3 dxc4 26. Qxc4 Bf7 27. Qc3 Bc7 28. Nd3 Bb6 29. Nc5 Rd8 30. Red1 Nf6 31. Kh1 a6 32. Bf1 Ne8 33. a4 h5 34. gxh5 Bxc5 35. Qxc5 Qh4 36. Rc2 Bxh5 37. Bg2 Rf6 38. Qe7 Rd7 39. Qxd7 Rh6 40. d5 Bg4 41. Qxe8+ Kh7 42. Kg1 Qxh2+ 43. Kf1 Bxf3 44. Rd3 Bh5 45. Qe7 1-0

[Event "BL2-Ost 1213"]
[Site "Germany"]
[Date "2013.02.03"]
[Round "6.7"]
[White "Luther, Juergen"]
[Black "Menacher, Manfred"]
[Result "1/2-1/2"]
[WhiteElo "2147"]
[BlackElo "2278"]
[PlyCount "39"]
[EventDate "2012.10.14"]
[EventType "team-tourn"]
[EventRounds "9"]
[EventCountry "GER"]
[SourceTitle "CBM 154 Extra"]
[Source "ChessBase"]
[SourceDate "2013.06.25"]
[SourceVersion "2"]
[SourceVersionDate "2013.06.25"]
[SourceQuality "1"]
[WhiteTeam "Halle Volksbank"]
[BlackTeam "Neutraubling Wacker"]
[WhiteTeamCountry "GER"]
[BlackTeamCountry "GER"]

1. Nf3 d5 2. d4 Nf6 3. e3 g6 4. c4 Bg7 5. Nc3 0-0 6. Bd3 c5 7. dxc5 dxc4 8. Bxc4 Qa5 9. 0-0 Qxc5 10. Qb3 Nc6 11. Qb5 Qxb5 12. Bxb5 Bd7 13. Bd2 Rfd8 14. Rfd1 a6 15. Be2 b5 16. Rac1 Be8 17. Be1 Kf8 18. h3 h6 19. Kf1 Rab8 20. Rxd8 1/2-1/2

[Event "Sachsen-Anhalt-ch 22nd"]
[Site "Halle"]
[Date "2012.05.18"]
[Round "4"]
[White "Luther, Juergen"]
[Black "Mertens, Fridolin"]
[Result "1/2-1/2"]
[WhiteElo "2163"]
[BlackElo "2038"]
[PlyCount "98"]
[EventDate "2012.05.17"]
[EventType "tourn"]
[EventRounds "7"]
[EventCountry "GER"]
[SourceTitle "EXT 2013"]
[Source "ChessBase"]
[SourceDate "2012.11.22"]
[SourceVersion "1"]
[SourceVersionDate "2012.11.22"]
[SourceQuality "1"]

1. c4 Nf6 2. g3 e6 3. Bg2 d5 4. Nf3 c6 5. b3 Be7 6. Bb2 Nbd7 7. 0-0 0-0 8. d3 Qc7 9. cxd5 exd5 10. Nbd2 Re8 11. Re1 Bc5 12. e3 a5 13. Rc1 Qb6 14. Qc2 Bd6 15. d4 Nf8 16. Ne5 Be6 17. h3 Ng6 18. f4 Ne7 19. g4 g6 20. Bf3 Nd7 21. Kg2 f5 22. g5 Nc8 23. Nd3 Bf8 24. Nc5 Nd6 25. h4 Kf7 26. Be2 Qc7 27. a4 Nb6 28. Nf3 Nd7 29. Nxd7 Bxd7 30. Ne5+ Kg7 31. h5 Nf7 32. Bf3 Be6 33. Rh1 Bd6 34. Rh2 Rh8 35. Rch1 Nxe5 36. dxe5 Bb4 37. Kg3 Qe7 38. hxg6 hxg6 39. Rh6 Rxh6 40. Rxh6 Rh8 41. Qh2 Qf8 42. Kf2 Rxh6 43. Qxh6+ Kf7 44. Qh7+ Qg7 45. Qh1 Ke8 46. Bd1 Kd7 47. Bc2 Qe7 48. Qh6 Bf7 49. Qh7 Kc7 1/2-1/2

[Event "BL2-Nord 1112"]
[Site "Germany"]
[Date "2012.01.15"]
[Round "5.7"]
[White "Anibar, Ahmed"]
[Black "Luther, Juergen"]
[Result "1/2-1/2"]
[WhiteElo "2255"]
[BlackElo "2171"]
[PlyCount "20"]
[EventDate "2011.10.02"]
[EventType "team-tourn"]
[EventRounds "9"]
[EventCountry "GER"]
[SourceTitle "EXT 2015"]
[Source "ChessBase"]
[SourceDate "2014.11.20"]
[SourceVersion "1"]
[SourceVersionDate "2014.11.20"]
[SourceQuality "1"]
[WhiteTeam "Neukloster"]
[BlackTeam "Halle Volksbank"]
[WhiteTeamCountry "GER"]
[BlackTeamCountry "GER"]

1. e4 e6 2. d4 d5 3. e5 c5 4. c3 Nc6 5. Nf3 Bd7 6. Be2 Qb6 7. dxc5 Bxc5 8. 0-0 a5 9. c4 d4 10. Bd3 f6 1/2-1/2

[Event "BL2-Nord 1112"]
[Site "Germany"]
[Date "2011.12.11"]
[Round "4.7"]
[White "Luther, Juergen"]
[Black "Jaster, Robert"]
[Result "0-1"]
[WhiteElo "2171"]
[BlackElo "2326"]
[PlyCount "130"]
[EventDate "2011.10.02"]
[EventType "team-tourn"]
[EventRounds "9"]
[EventCountry "GER"]
[SourceTitle "EXT 2015"]
[Source "ChessBase"]
[SourceDate "2014.11.20"]
[SourceVersion "1"]
[SourceVersionDate "2014.11.20"]
[SourceQuality "1"]
[WhiteTeam "Halle Volksbank"]
[BlackTeam "Rostock"]
[WhiteTeamCountry "GER"]
[BlackTeamCountry "GER"]

1. c4 f5 2. Nc3 Nf6 3. g3 g6 4. Bg2 Bg7 5. Nf3 d6 6. d4 0-0 7. 0-0 Qe8 8. Bg5 c6 9. Qb3 Na6 10. Rad1 Kh8 11. Qa3 h6 12. Bc1 Qf7 13. c5 Rd8 14. Qa5 Qe8 15. Nh4 g5 16. Nf3 Rb8 17. h4 g4 18. Ne1 dxc5 19. dxc5 Rxd1 20. Nxd1 Be6 21. Nc3 Qd8 22. Qa3 Nd5 23. Nxd5 Bxd5 24. Bxd5 Qxd5 25. Nd3 e5 26. Be3 Rc8 27. b3 Nc7 28. Qc1 Qe6 29. Rd1 Nd5 30. Qc4 Qe7 31. Bc1 Rd8 32. Re1 Nf6 33. Kg2 Rd4 34. Qc2 Nh5 35. Bb2 Rd8 36. Rc1 Qe6 37. Ne1 f4 38. Rd1 Rxd1 39. Qxd1 Kh7 40. Qc2+ Qg6 41. b4 e4 42. Bxg7 f3+ 43. exf3 gxf3+ 44. Kf1 Nxg7 45. Qd2 Qe6 46. Kg1 Nf5 47. Qf4 Nd4 48. Kh2 Qd5 49. Qc7+ Kg6 50. Qe7 Qe6 51. Qxe6+ Nxe6 52. g4 Nd4 53. Kg3 Ne2+ 54. Kh2 Kf6 55. Nc2 Ke5 56. Ne3 Kf4 57. Kh1 a6 58. Kh2 Nc1 59. a3 Nd3 60. Kg1 Ne5 61. g5 hxg5 62. hxg5 Kxg5 63. Kf1 Kf4 64. Ke1 Ng4 65. Nc4 e3 0-1

[Event "Oberliga Ost-A 1011"]
[Site "Germany"]
[Date "2011.04.10"]
[Round "11.6"]
[White "Luther, Juergen"]
[Black "Merker, Matthias"]
[Result "1/2-1/2"]
[WhiteElo "2174"]
[BlackElo "2121"]
[PlyCount "29"]
[EventDate "2010.10.24"]
[EventType "team-tourn"]
[EventRounds "11"]
[EventCountry "GER"]
[SourceTitle "EXT 2012"]
[Source "ChessBase"]
[SourceDate "2011.11.24"]
[SourceVersion "1"]
[SourceVersionDate "2011.11.24"]
[SourceQuality "1"]
[WhiteTeam "Halle USV"]
[BlackTeam "Coswig"]
[WhiteTeamCountry "GER"]
[BlackTeamCountry "GER"]

1. d4 Nf6 2. Nf3 e6 3. g3 c5 4. Bg2 d5 5. 0-0 cxd4 6. Nxd4 e5 7. Nb3 a5 8. a4 Be7 9. Bg5 Be6 10. e3 Nc6 11. Nc3 Nb4 12. Qe2 0-0 13. Rfd1 Bg4 14. f3 Be6 15. Bxf6 1/2-1/2

[Event "Oberliga Ost-A 1011"]
[Site "Germany"]
[Date "2011.04.09"]
[Round "10.6"]
[White "Kregelin, Jan"]
[Black "Luther, Juergen"]
[Result "1/2-1/2"]
[WhiteElo "2090"]
[BlackElo "2174"]
[PlyCount "29"]
[EventDate "2010.10.24"]
[EventType "team-tourn"]
[EventRounds "11"]
[EventCountry "GER"]
[SourceTitle "EXT 2012"]
[Source "ChessBase"]
[SourceDate "2011.11.24"]
[SourceVersion "1"]
[SourceVersionDate "2011.11.24"]
[SourceQuality "1"]
[WhiteTeam "Hoyerswerda"]
[BlackTeam "Halle USV"]
[WhiteTeamCountry "GER"]
[BlackTeamCountry "GER"]

1. d4 e6 2. c4 f5 3. g3 Nf6 4. Bg2 d5 5. Nf3 c6 6. b3 Bd6 7. 0-0 0-0 8. Ba3 Ne4 9. Bxd6 Qxd6 10. Qc2 Bd7 11. Nbd2 Be8 12. Ne5 Nd7 13. Nxd7 Qxd7 14. Nf3 Qe7 15. Qb2 1/2-1/2

[Event "Oberliga Ost-A 0910"]
[Site "Germany"]
[Date "2010.03.21"]
[Round "9.5"]
[White "Luther, Juergen"]
[Black "Schuh, Ruediger"]
[Result "1/2-1/2"]
[WhiteElo "2185"]
[BlackElo "2193"]
[PlyCount "53"]
[EventDate "2009.10.18"]
[EventType "team-tourn"]
[EventRounds "11"]
[EventCountry "GER"]
[SourceTitle "EXT 2011"]
[Source "ChessBase"]
[SourceDate "2010.11.26"]
[SourceVersion "1"]
[SourceVersionDate "2010.11.26"]
[SourceQuality "1"]
[WhiteTeam "Halle USV"]
[BlackTeam "Hoyerswerda"]
[WhiteTeamCountry "GER"]
[BlackTeamCountry "GER"]

1. d4 g6 2. g3 Bg7 3. Bg2 Nf6 4. Nf3 0-0 5. 0-0 d6 6. c4 Nbd7 7. Nc3 e5 8. d5 a5 9. e4 Nc5 10. Qc2 Bd7 11. Ne1 Ne8 12. Nd3 Nxd3 13. Qxd3 f5 14. f4 Qe7 15. Bd2 Nf6 16. Rae1 Rae8 17. fxe5 dxe5 18. Kh1 b6 19. a3 Kh8 20. Be3 Rb8 21. Qd2 Ng4 22. Bg5 Bf6 23. Bxf6+ Nxf6 24. Qg5 Rbe8 25. Bh3 Nxd5 26. Qxe7 Nxe7 27. exf5 1/2-1/2

[Event "Oberliga Ost-A 0910"]
[Site "Germany"]
[Date "2010.01.24"]
[Round "7.6"]
[White "Just, Wolfgang"]
[Black "Luther, Juergen"]
[Result "1/2-1/2"]
[WhiteElo "2173"]
[BlackElo "2185"]
[PlyCount "31"]
[EventDate "2009.10.18"]
[EventType "team-tourn"]
[EventRounds "11"]
[EventCountry "GER"]
[SourceTitle "EXT 2011"]
[Source "ChessBase"]
[SourceDate "2010.11.26"]
[SourceVersion "1"]
[SourceVersionDate "2010.11.26"]
[SourceQuality "1"]
[WhiteTeam "Leipzig Lok II"]
[BlackTeam "Halle USV"]
[WhiteTeamCountry "GER"]
[BlackTeamCountry "GER"]

1. e4 e6 2. d4 d5 3. Nc3 Bb4 4. e5 c5 5. a3 Bxc3+ 6. bxc3 Qa5 7. Bd2 c4 8. Qg4 g6 9. Nh3 Ne7 10. Qf3 Ng8 11. Ng5 Qc7 12. h4 h6 13. Nh3 Bd7 14. Be2 Ba4 15. Bd1 Nc6 16. 0-0 1/2-1/2